[Event "Blackpool Open"]
[Site "Blackpool"]
[Date "2025.02.08"]
[Round "3.9"]
[White "Hamer, Martyn"]
[Black "Harkness, Bryan D"]
[Result "1-0"]
[WhiteElo "2053"]
[BlackElo "1952"]
[PlyCount "69"]
[EventDate "2025.02.07"]
[EventRounds "5"]
[EventCountry "ENG"]
[SourceTitle "BritBase"]
[Source "John Saunders"]
[SourceDate "2025.02.25"]
[SourceVersion "1"]
[SourceVersionDate "2025.02.25"]
[SourceQuality "1"]

1. d4 {3} Nf6 {12} 2. Nf3 {7} g6 {15} 3. Bg5 {8} Bg7 {25} 4. Nbd2 {7} d5 {71} 5. e3 {29} c5 {155} 6. c3 {66} Nbd7 {74} 7. Bd3 {142} O-O {204} 8. O-O {95} b6 {30} 9. Ne5 {180} Nxe5 {184} 10. dxe5 {5} Nd7 {23} 11. f4 {38} f6 {26} 12. exf6 {31} exf6 {22} 13. Bh4 {17} Qc7 {364} 14. e4 {84} Bb7 {100} 15. Qc2 {185} dxe4 {593} 16. Bc4+ {225} Kh8 {11} 17. Nxe4 {12} Bxe4 {68} 18. Qxe4 {11} f5 {9} 19. Qf3 {208} Nf6 {19} 20. Rfe1 {158} Rfe8 {136} 21. Rad1 {434} Rad8 {93} 22. Rxd8 {344} Rxd8 {79} 23. Qe3 {119} h5 {364} 24. Qe6 {374} Rd6 {287} 25. Qe5 {134} Qd8 {196} 26. Qe7 {220} Qxe7 {229} 27. Rxe7 {6} Ne4 {599} 28. Re8+ {399} Kh7 {8} 29. Bg8+ {10} Kh6 {22} 30. Rxe4 {15} Bd4+ {131} 31. cxd4 {110} fxe4 {17} 32. d5 {12} Kg7 {96} 33. Be6 {13} Kf8 {124} 34. Kf2 {69} b5 {12} 35. Ke3 {28} 1-0

[Event "Blackpool Open"]
[Site "Blackpool"]
[Date "2025.02.08"]
[Round "3.10"]
[White "Crawford, Owen"]
[Black "Brown, Tom"]
[Result "1/2-1/2"]
[WhiteElo "2111"]
[BlackElo "1932"]
[PlyCount "109"]
[EventDate "2025.02.07"]
[EventRounds "5"]
[EventCountry "ENG"]
[SourceTitle "BritBase"]
[Source "John Saunders"]
[SourceDate "2025.02.25"]
[SourceVersion "1"]
[SourceVersionDate "2025.02.25"]
[SourceQuality "1"]

1. e4 {16} c6 {443} 2. d4 {21} d5 {10} 3. e5 {6} Bf5 {10} 4. Nd2 {7} e6 {272} 5. Nb3 {23} Nd7 {203} 6. Nf3 {18} Nh6 {77} 7. h3 {741} Bg6 {167} 8. Bf4 {550} Nf5 {170} 9. g4 {321} Nh4 {257} 10. Nxh4 {201} Qxh4 {8} 11. Qd2 {80} Qd8 {61} 12. Bg2 {295} Qb6 {281} 13. O-O {159} Be7 {352} 14. Be3 {760} h5 {272} 15. f4 {515} hxg4 {341} 16. hxg4 {95} f5 {536} 17. g5 {317} Kf7 {264} 18. c4 {471} Bh5 {437} 19. Rfc1 {785} Rhc8 {613} 20. Rc2 {165} Qd8 {376} 21. Na5 {196} Rab8 {986} 22. Rac1 {122} dxc4 {221} 23. d5 {240} cxd5 {46} 24. Bxd5 {71} exd5 {158} 25. Qxd5+ {6} Kf8 {43} 26. e6 {158} Nb6 {56} 27. Qxf5+ {36} Kg8 {24} 28. g6 {121} Qd5 {63} 29. Qf7+ {5} Kh8 {5} 30. Qxe7 {246} Qe4 {101} 31. Rc3 {143} Qxg6+ {31} 32. Kf2 {1} Nd5 {12} 33. Qh4 {1} Nxc3 {14} 34. bxc3 {19} Qg4 {18} 35. Qxg4 {25} Bxg4 {1} 36. Rh1+ Kg8 {1} 37. Rg1 {1} Bxe6 {17} 38. Bd4 b6 {23} 39. Rxg7+ {36} Kf8 {9} 40. Rxa7 {15} bxa5 {5} 41. Rxa5 {2} Ra8 {13} 42. Rh5 {17} Rxa2+ {4} 43. Ke3 {1} Re8 {20} 44. Be5 {6} Bf7 {14} 45. Rh8+ Ke7 {6} 46. Rh6 {1} Kd8 {12} 47. Rd6+ {6} Kc8 {9} 48. Rc6+ {3} Kd7 {14} 49. Rc7+ {30} Ke6 {6} 50. Kd4 {4} Ra4 {17} 51. f5+ {10} Kxf5 {12} 52. Rxf7+ {2} Kg6 {10} 53. Rg7+ {14} Kh6 {7} 54. Rg2 {35} Rd8+ {13} 55. Ke4 {23} 1/2-1/2

[Event "Blackpool Open"]
[Site "Blackpool"]
[Date "2025.02.08"]
[Round "3.11"]
[White "Ashton, Adam G"]
[Black "Maack, Kjartan"]
[Result "1/2-1/2"]
[WhiteElo "2280"]
[BlackElo "2043"]
[PlyCount "151"]
[EventDate "2025.02.07"]
[EventRounds "5"]
[EventCountry "ENG"]
[SourceTitle "BritBase"]
[Source "John Saunders"]
[SourceDate "2025.02.25"]
[SourceVersion "1"]
[SourceVersionDate "2025.02.25"]
[SourceQuality "1"]

1. c4 {170} c6 {69} 2. e4 {90} d5 {125} 3. exd5 {95} cxd5 {7} 4. d4 {42} Nf6 {222} 5. Nc3 {46} e6 {100} 6. Nf3 {12} Be7 {146} 7. cxd5 {25} exd5 {200} 8. Bd3 {188} O-O {13} 9. h3 {20} Nc6 {455} 10. O-O {55} Re8 {804} 11. Re1 {142} a6 {230} 12. Bf4 {333} h6 {271} 13. Rc1 {210} Be6 {180} 14. Bb1 {209} Bf8 {273} 15. Ne5 {515} Nxe5 {1141} 16. Bxe5 {410} Nd7 {207} 17. Bg3 {244} g6 {374} 18. Re3 {505} Rc8 {423} 19. Qe2 {238} Bg7 {230} 20. Rd1 {51} Nf8 {44} 21. Be5 {78} f6 {90} 22. Bg3 {32} Bf7 {53} 23. Rxe8 {273} Qxe8 {75} 24. Qf3 {48} Qc6 {71} 25. a3 {167} Nd7 {96} 26. Ba2 {118} Nb6 {14} 27. Re1 {184} Kf8 {31} 28. h4 {527} h5 {49} 29. Bf4 {146} Nc4 {129} 30. Rc1 {146} Qd7 {33} 31. Nd1 {126} b5 {53} 32. b3 {302} Nb6 {51} 33. Bb1 {71} Rxc1 {49} 34. Bxc1 {3} Qg4 {229} 35. Qxg4 {213} hxg4 {2} 36. Ne3 {128} f5 {3} 37. Bb2 {33} Bh6 {85} 38. g3 {67} Bxe3 {22} 39. fxe3 {2} Be6 {40} 40. Bc3 {20} Ke7 {21} 41. Bd3 {23} Kd7 {33} 42. Kf2 {31} Kc6 {20} 43. Bb4 {54} Nc8 {36} 44. a4 {26} Nb6 {33} 45. axb5+ {54} axb5 {2} 46. Ke2 {23} Nd7 {28} 47. Be7 {26} Nb8 {11} 48. Kd2 {20} Na6 {27} 49. Kc3 {28} Bc8 {24} 50. Bf1 {67} Be6 {11} 51. Kd2 {63} Bc8 {7} 52. Bd3 {96} Be6 {28} 53. Bc2 {19} Kd7 {56} 54. Bf8 {6} Ke8 {45} 55. Ba3 {60} Bd7 {10} 56. Bd6 {14} Kf7 {11} 57. Kc3 {54} Ke6 {5} 58. Bf8 {5} Kf7 {10} 59. Bc5 {8} Ke6 {7} 60. Bd3 {31} Bc6 {8} 61. Bb6 {15} Bd7 {12} 62. Be2 {10} Bc6 {7} 63. Bd1 {53} Bd7 {5} 64. b4 {9} Bc6 {15} 65. Bc2 {15} Nb8 {9} 66. Bc7 {89} Nd7 {4} 67. Bd8 {33} Nf6 {12} 68. Bxf6 {4} Kxf6 {2} 69. Bd3 {24} Bd7 {27} 70. Be2 {3} Ke6 {41} 71. Kd2 {4} Kf6 {9} 72. Bd1 {6} Bc6 {35} 73. Bb3 {9} Bb7 {12} 74. Ke2 {7} Bc6 {3} 75. Kd2 {2} Bb7 {2} 76. Ke2 {1} 1/2-1/2

[Event "Blackpool Open"]
[Site "Blackpool"]
[Date "2025.02.09"]
[Round "4.1"]
[White "Mahadevan, Siva"]
[Black "Milson, Samuel A"]
[Result "1-0"]
[WhiteElo "2365"]
[BlackElo "2052"]
[PlyCount "51"]
[EventDate "2025.02.07"]
[EventRounds "5"]
[EventCountry "ENG"]
[SourceTitle "BritBase"]
[Source "John Saunders"]
[SourceDate "2025.02.25"]
[SourceVersion "1"]
[SourceVersionDate "2025.02.25"]
[SourceQuality "1"]

1. c4 {217} e5 {24} 2. d3 {41} Nf6 {50} 3. Nf3 {39} Nc6 {35} 4. a3 {26} d5 {61} 5. cxd5 {9} Nxd5 {9} 6. e4 {35} Nb6 {161} 7. Be3 {40} f6 {191} 8. Nbd2 {157} Be6 {26} 9. Rc1 {87} Qd7 {114} 10. Nb3 {301} Qf7 {533} 11. Nfd2 {106} Rd8 {613} 12. Be2 {290} f5 {381} 13. O-O {194} Be7 {237} 14. f4 {271} exf4 {356} 15. Bxf4 {66} Bf6 {47} 16. Nc5 {320} Bd4+ {269} 17. Kh1 {203} Bxc5 {39} 18. Rxc5 {6} O-O {430} 19. Bg5 {99} Rde8 {219} 20. exf5 {52} Bd5 {761} 21. Bh5 {28} Qd7 {21} 22. Bxe8 {12} Rxe8 {53} 23. f6 {59} Ne5 {151} 24. Ne4 {451} Bxe4 {170} 25. dxe4 {12} gxf6 {35} 26. Qb3+ {28} 1-0

[Event "Blackpool Open"]
[Site "Blackpool"]
[Date "2025.02.09"]
[Round "4.2"]
[White "Mitchell, Martin"]
[Black "Arkell, Keith C"]
[Result "0-1"]
[WhiteElo "2143"]
[BlackElo "2329"]
[PlyCount "86"]
[EventDate "2025.02.07"]
[EventRounds "5"]
[EventCountry "ENG"]
[SourceTitle "BritBase"]
[Source "John Saunders"]
[SourceDate "2025.02.25"]
[SourceVersion "1"]
[SourceVersionDate "2025.02.25"]
[SourceQuality "1"]

1. d4 {2} d6 {89} 2. Nf3 {62} Bg4 {6} 3. e4 {42} Nc6 {66} 4. Bb5 {291} a6 {18} 5. Bxc6+ {23} bxc6 {4} 6. Qd3 {557} Nf6 {417} 7. Nc3 {317} e6 {145} 8. Bg5 {530} Be7 {99} 9. h3 {544} Bh5 {117} 10. g4 {276} Bg6 {9} 11. h4 {92} h5 {215} 12. gxh5 {418} Rxh5 {245} 13. O-O-O {197} Nd7 {911} 14. Qe3 {258} d5 {503} 15. Ne5 {453} Nxe5 {25} 16. dxe5 {27} Kf8 {531} 17. Rhg1 {856} Kg8 {411} 18. f4 {217} Qf8 {52} 19. Rgf1 {266} Bxg5 {458} 20. hxg5 {31} dxe4 {23} 21. Rd7 {208} Rd8 {116} 22. Rxc7 {104} Qb4 {94} 23. Rxc6 {105} Rh2 {418} 24. a3 {261} Qb7 {8} 25. Rd6 {31} Rb8 {39} 26. b3 {15} Bf5 {77} 27. Rfd1 {61} Rh3 {595} 28. g6 {110} Qc7 {425} 29. Qd4 {100} Bxg6 {105} 30. Nxe4 {58} Bxe4 {109} 31. Qxe4 {4} g6 {61} 32. Rc6 {149} Qb7 {92} 33. Qc4 {31} a5 {49} 34. Rc7 {61} Qf3 {36} 35. Rdd7 {36} Rf8 {16} 36. Rxf7 {54} Rxf7 {17} 37. Qxe6 {3} Qxf4+ {13} 38. Kb1 {15} Rh1+ {27} 39. Ka2 {4} Qf5 {58} 40. Rc8+ {4} Kg7 {42} 41. Qe8 {2} Rf8 {112} 42. Qe7+ {15} Qf7 {25} 43. Qc5 {30} Qf1 {12} 0-1

[Event "Blackpool Open"]
[Site "Blackpool"]
[Date "2025.02.09"]
[Round "4.3"]
[White "Mulay, Partha"]
[Black "Sarakauskas, Gediminas"]
[Result "0-1"]
[WhiteElo "1895"]
[BlackElo "2323"]
[PlyCount "70"]
[EventDate "2025.02.07"]
[EventRounds "5"]
[EventCountry "ENG"]
[SourceTitle "BritBase"]
[Source "John Saunders"]
[SourceDate "2025.02.25"]
[SourceVersion "1"]
[SourceVersionDate "2025.02.25"]
[SourceQuality "1"]

1. Nf3 {39} g6 {6} 2. d4 {38} Bg7 {170} 3. e4 {120} c5 {255} 4. dxc5 {409} Qa5+ {24} 5. Bd2 {35} Qxc5 {11} 6. Nc3 {11} Nf6 {171} 7. Bd3 {404} d6 {51} 8. O-O {24} O-O {5} 9. Be3 {55} Qa5 {25} 10. Qd2 {366} Nc6 {222} 11. h3 {414} Rd8 {624} 12. a3 {348} d5 {132} 13. b4 {1607} Qc7 {11} 14. exd5 {90} Nxd5 {25} 15. Nxd5 {25} Rxd5 {5} 16. c4 {86} Rd8 {113} 17. Rad1 {20} e5 {602} 18. Qc1 {479} Ne7 {689} 19. c5 {778} Be6 {435} 20. Bc4 {127} Bd5 {111} 21. Ng5 {273} Qc6 {441} 22. b5 {226} Qe8 {2} 23. a4 {30} e4 {60} 24. Bxd5 {175} Nxd5 {24} 25. Qc4 {26} Nc3 {133} 26. Rc1 {57} Rd3 {89} 27. Rxc3 {126} Rxc3 {35} 28. Qxe4 {6} h6 {56} 29. Qxe8+ {96} Rxe8 {2} 30. Nf3 {13} Bf8 {780} 31. Rd1 {169} Bxc5 {66} 32. Rd7 Re7 {177} 33. Rd8+ {54} Kg7 {73} 34. Nd4 {77} Bb6 {153} 35. Rd5 {68} Rc4 {213} 0-1

[Event "Blackpool Open"]
[Site "Blackpool"]
[Date "2025.02.09"]
[Round "4.4"]
[White "McAtear, Jacob B"]
[Black "Williamson, Roger G"]
[Result "1/2-1/2"]
[WhiteElo "1892"]
[BlackElo "2186"]
[PlyCount "95"]
[EventDate "2025.02.07"]
[EventRounds "5"]
[EventCountry "ENG"]
[SourceTitle "BritBase"]
[Source "John Saunders"]
[SourceDate "2025.02.25"]
[SourceVersion "1"]
[SourceVersionDate "2025.02.25"]
[SourceQuality "1"]

1. e4 {3} e5 {371} 2. d4 {13} exd4 {33} 3. Nf3 {6} Nc6 {4} 4. c3 {6} Nf6 {12} 5. e5 {17} Ne4 {59} 6. cxd4 {189} d5 {139} 7. Bb5 {364} Bb4+ {61} 8. Bd2 {33} Nxd2 {20} 9. Nbxd2 {44} O-O {14} 10. O-O {56} Ne7 {62} 11. a3 {214} Bxd2 {671} 12. Qxd2 {12} Bg4 {38} 13. Qf4 {298} Bxf3 {14} 14. Qxf3 {11} f5 {251} 15. exf6 {649} Rxf6 {7} 16. Qd3 {56} Qd6 {91} 17. Rae1 {403} Raf8 {131} 18. Qe3 {1084} Nf5 {391} 19. Qe5 {84} Qxe5 {195} 20. dxe5 {87} Rb6 {10} 21. Bd7 {38} g6 {1095} 22. g4 {425} Ne7 {830} 23. f4 {138} Rd8 {13} 24. e6 {42} Kg7 {26} 25. b4 {508} Rd6 {76} 26. h4 {479} c6 {346} 27. h5 {157} Kf6 {611} 28. Kg2 {331} Kg7 {37} 29. h6+ {57} Kf8 {114} 30. f5 {20} gxf5 {8} 31. gxf5 {20} Ng8 {67} 32. f6 {139} R6xd7 {6} 33. e7+ {69} Kf7 {5} 34. exd8=Q {26} Rxd8 {9} 35. Re3 {63} Nxf6 {93} 36. Ref3 {40} Rd6 {19} 37. Rg3 {18} d4 {35} 38. Rg7+ {47} Ke6 {6} 39. Rxb7 {47} d3 {9} 40. Kf3 {156} d2 {82} 41. Rd1 {109} Rd3+ {9} 42. Ke2 {18} Rxa3 {6} 43. Rxd2 {182} a5 {79} 44. bxa5 {7} Rxa5 {9} 45. Rc2 {20} Ra6 {216} 46. Rc7 {12} Kd6 {8} 47. Rf7 {13} Ke6 {6} 48. Rc7 {99} 1/2-1/2

[Event "Blackpool Open"]
[Site "Blackpool"]
[Date "2025.02.09"]
[Round "4.5"]
[White "Vaidyanathan, Adithya"]
[Black "Hebden, Mark L"]
[Result "1/2-1/2"]
[WhiteElo "1872"]
[BlackElo "2363"]
[PlyCount "122"]
[EventDate "2025.02.07"]
[EventRounds "5"]
[EventCountry "ENG"]
[SourceTitle "BritBase"]
[Source "John Saunders"]
[SourceDate "2025.02.25"]
[SourceVersion "1"]
[SourceVersionDate "2025.02.25"]
[SourceQuality "1"]

1. d4 {103} Nf6 {31} 2. Nf3 {12} g6 {40} 3. c4 {9} Bg7 {8} 4. Nc3 {7} O-O {9} 5. e4 {5} d6 {8} 6. h3 {5} e5 {97} 7. Be3 {8} Nbd7 {269} 8. dxe5 {126} dxe5 {31} 9. c5 {442} Qe7 {342} 10. Nd5 {140} Nxd5 {102} 11. Qxd5 {15} Nb8 {127} 12. Bg5 {832} Bf6 {252} 13. Bxf6 {71} Qxf6 {2} 14. Qxe5 {88} Qc6 {130} 15. Qd5 {463} Qxd5 {451} 16. exd5 {2} Re8+ {22} 17. Be2 {925} Na6 {238} 18. Rc1 {722} Nb4 {114} 19. Kd2 {51} Nxd5 {48} 20. Nd4 {201} Be6 {59} 21. Nxe6 {130} Rxe6 {7} 22. Bf3 {61} Rd8 {23} 23. Kc2 {569} Nb4+ {36} 24. Kb1 {48} Rd2 {29} 25. Rhd1 {177} Rxf2 {105} 26. a3 {57} Nc6 {145} 27. Rd7 {319} Ne5 {233} 28. Rd8+ {285} Kg7 {7} 29. Bxb7 {208} Nc6 {129} 30. Bxc6 {33} Rxc6 {2} 31. Rd7 {10} h5 {28} 32. b4 {137} a6 {489} 33. Rc2 {64} Rf1+ {6} 34. Kb2 {11} h4 {6} 35. a4 {120} Rf5 {67} 36. Rd4 {98} g5 {33} 37. Rdc4 {8} Re6 {19} 38. b5 {59} axb5 {133} 39. axb5 {8} Re8 {35} 40. Rb4 {71} Rfe5 {77} 41. b6 {107} cxb6 {63} 42. cxb6 {2} R5e7 {26} 43. Rb5 {88} Kg6 {34} 44. Kb3 {71} f6 {37} 45. Rc7 {49} Re2 {43} 46. b7 {21} Rb8 {10} 47. Rc8 {12} Rxb7 {11} 48. Rxb7 {6} Rxg2 {4} 49. Kc3 {37} Rg3+ {19} 50. Kd4 {2} Rxh3 {13} 51. Ke4 {9} Ra3 {169} 52. Rg8+ {25} Kh5 {10} 53. Rf7 {13} Kg4 {74} 54. Rxf6 {5} h3 {7} 55. Rfg6 {20} Ra5 {16} 56. Rxg5+ {10} Rxg5 {7} 57. Rxg5+ {2} Kxg5 {8} 58. Kf3 {1} Kh4 {8} 59. Kf2 {2} Kg4 {6} 60. Kg1 {1} Kg3 {6} 61. Kh1 {1} h2 {8} 1/2-1/2

[Event "Blackpool Open"]
[Site "Blackpool"]
[Date "2025.02.09"]
[Round "4.6"]
[White "Wolstencroft, Darryl"]
[Black "Hamer, Martyn"]
[Result "0-1"]
[WhiteElo "2196"]
[BlackElo "2053"]
[PlyCount "85"]
[EventDate "2025.02.07"]
[EventRounds "5"]
[EventCountry "ENG"]
[SourceTitle "BritBase"]
[Source "John Saunders"]
[SourceDate "2025.02.25"]
[SourceVersion "1"]
[SourceVersionDate "2025.02.25"]
[SourceQuality "1"]

1. c4 {347} c5 {27} 2. g3 {8} Nf6 {21} 3. Bg2 {7} g6 {39} 4. e4 {60} Nc6 {31} 5. Ne2 {11} Bg7 {27} 6. O-O {11} d6 {58} 7. Nbc3 {54} O-O {127} 8. d3 {166} Rb8 {135} 9. h3 {38} a6 {94} 10. a4 {14} Ne8 {72} 11. Be3 {75} Nc7 {109} 12. d4 {194} cxd4 {66} 13. Nxd4 {7} Ne6 {230} 14. Nde2 {77} Nc5 {320} 15. f4 {58} Be6 {361} 16. b3 {643} Rc8 {419} 17. Rb1 {44} a5 {398} 18. f5 {393} Bd7 {45} 19. f6 {384} Bxf6 {132} 20. Rxf6 {15} exf6 {7} 21. Qxd6 {12} Ne6 {260} 22. Nd5 {222} Be8 {318} 23. Qa3 {14} Nb4 {154} 24. Bb6 {284} Qd6 {66} 25. Rf1 {1123} Rc6 {683} 26. Nxf6+ {116} Kh8 {342} 27. Qa1 {112} Nc2 {265} 28. Qb2 {1132} Qa3 {68} 29. Qc3 {446} Qb4 {200} 30. Bxa5 {42} Qc5+ {90} 31. Kh1 {52} Ncd4 {87} 32. Nxd4 {309} Qxd4 {37} 33. Qxd4 {38} Nxd4 {6} 34. Bc3 {59} Ne2 {87} 35. Be1 {330} Kg7 {78} 36. e5 {27} Rb6 {72} 37. b4 {25} Bc6 {143} 38. Nd5 {16} Bxd5 {42} 39. Bxd5 f5 {141} 40. Kg2 {11} f4 {50} 41. a5 {1} Rc6 {61} 42. Bxc6 {13} bxc6 {4} 43. Rf2 {32} 0-1

[Event "Blackpool Open"]
[Site "Blackpool"]
[Date "2025.02.09"]
[Round "4.7"]
[White "Armstrong, Malcolm J"]
[Black "Merriman, John"]
[Result "0-1"]
[WhiteElo "2002"]
[BlackElo "2216"]
[PlyCount "60"]
[EventDate "2025.02.07"]
[EventRounds "5"]
[EventCountry "ENG"]
[SourceTitle "BritBase"]
[Source "John Saunders"]
[SourceDate "2025.02.25"]
[SourceVersion "1"]
[SourceVersionDate "2025.02.25"]
[SourceQuality "1"]

1. Nf3 {3} d5 {518} 2. g3 {14} Nf6 {84} 3. Bg2 {13} Bg4 {41} 4. O-O {161} Nbd7 {88} 5. h3 {85} Bxf3 {184} 6. Bxf3 {12} c6 {4} 7. d3 {52} e6 {114} 8. Nd2 {128} Bd6 {22} 9. e4 {128} Qb6 {286} 10. Kg2 {269} h5 {68} 11. h4 {428} Ne5 {152} 12. Qe2 {206} O-O-O {193} 13. c3 {718} Nfg4 {579} 14. d4 {101} Nxf3 {17} 15. Nxf3 {79} Rde8 {383} 16. e5 {156} Be7 {153} 17. b4 {148} Qc7 {199} 18. Bd2 {148} Qd7 {116} 19. Rfc1 {434} f6 {115} 20. a4 {346} fxe5 {363} 21. Nxe5 {228} Nxe5 {5} 22. Qxe5 {73} Bf6 {125} 23. Qe3 {103} e5 {1105} 24. dxe5 {64} Bxe5 {6} 25. Qxa7 {23} Bxg3 {304} 26. Re1 {657} Bb8 {205} 27. Qd4 {56} Qd6 {146} 28. Rxe8+ {230} Rxe8 {12} 29. Rh1 {58} Re4 {389} 30. Qd3 {35} Qg6+ {20} 0-1

[Event "Blackpool Open"]
[Site "Blackpool"]
[Date "2025.02.09"]
[Round "4.8"]
[White "Brown, Tom"]
[Black "Boswell, Jacob Connor"]
[Result "0-1"]
[WhiteElo "1932"]
[BlackElo "2214"]
[PlyCount "194"]
[EventDate "2025.02.07"]
[EventRounds "5"]
[EventCountry "ENG"]
[SourceTitle "BritBase"]
[Source "John Saunders"]
[SourceDate "2025.02.25"]
[SourceVersion "1"]
[SourceVersionDate "2025.02.25"]
[SourceQuality "1"]

1. d4 {218} Nf6 {190} 2. Nf3 {108} c5 {207} 3. d5 {118} b5 {64} 4. a4 {457} b4 {29} 5. Bg5 {258} g6 {56} 6. Bxf6 {170} exf6 {1} 7. e4 {292} Bg7 {104} 8. Nbd2 {150} O-O {126} 9. Bd3 {288} d6 {299} 10. O-O {107} f5 {141} 11. exf5 {298} Bxb2 {11} 12. Rb1 {354} Bg7 {8} 13. fxg6 {357} hxg6 {31} 14. Re1 {281} Nd7 {315} 15. Bb5 {884} Nf6 {785} 16. Bc6 {153} Rb8 {9} 17. Qe2 {325} Bb7 {305} 18. Bxb7 {355} Rxb7 {3} 19. Qd3 {178} Re8 {405} 20. Nc4 {207} Rbe7 {91} 21. Rxe7 {205} Rxe7 {234} 22. Kf1 {83} Qd7 {522} 23. a5 {77} Bf8 {250} 24. Re1 {129} Qb7 {129} 25. Rxe7 {97} Bxe7 {4} 26. Ne3 {52} Bd8 {312} 27. a6 {86} Qd7 {176} 28. Nd2 {72} Ne8 {159} 29. Ne4 {204} Nc7 {284} 30. h3 {86} Be7 {24} 31. Ng4 {46} Qb5 {101} 32. Ngf6+ {66} Kf8 {367} 33. Qxb5 {16} Nxb5 34. Nd7+ {25} Ke8 {16} 35. Nb8 {20} f5 {243} 36. Nd2 {9} Nc7 {112} 37. Nc6 {46} Nxa6 {112} 38. Nxa7 {30} Nc7 {8} 39. Nc4 {29} Nxd5 {47} 40. Nc6 {37} Bf6 {77} 41. N6a5 {28} Kd7 {29} 42. Ke2 {18} Nf4+ {158} 43. Kf3 {3} Ne6 {2} 44. Nb3 {22} d5 {29} 45. Ne3 {8} Kd6 {28} 46. g4 {3} c4 {117} 47. Nc1 {15} Nd4+ {75} 48. Kg3 {21} fxg4 {42} 49. hxg4 {4} g5 {84} 50. f4 {5} gxf4+ {21} 51. Kxf4 Be5+ {38} 52. Kg5 {1} b3 {47} 53. cxb3 {2} cxb3 {16} 54. Nd3 Ne6+ {43} 55. Kf5 {7} b2 {43} 56. Nxb2 {18} Bxb2 {3} 57. g5 {13} Bc1 {12} 58. Nxd5 {32} Kxd5 {2} 59. g6 {4} Bb2 {1} 60. Kg4 {14} Ke4 {10} 61. Kh3 {12} Kf3 {14} 62. Kh2 {7} Bd4 {16} 63. g7 {12} Nxg7 {7} 64. Kh1 {4} Nf5 {5} 65. Kh2 {3} Ng3 {3} 66. Kh3 {5} Bg1 67. Kh4 {3} Ne4 68. Kh3 {8} Ng5+ {12} 69. Kh4 {4} Kf4 {6} 70. Kh5 {4} Nf3 {40} 71. Kg6 {6} Ne5+ {6} 72. Kf6 {16} Bc5 {2} 73. Ke6 {6} Ke4 {10} 74. Kf6 {10} Nf3 {26} 75. Ke6 {7} Ng5+ {3} 76. Kd7 {12} Kd5 {3} 77. Kc7 {6} Nf7 {33} 78. Kb7 {11} Kd6 {3} 79. Kb8 {14} Kc6 {3} 80. Ka8 {3} Nd6 {3} 81. Kb8 {4} Nb5 {1} 82. Ka8 {9} Nc7+ {2} 83. Kb8 {2} Bb6 84. Kc8 {3} Ba7 85. Kd8 {3} Nd5 86. Kc8 {12} Ne7+ {1} 87. Kd8 {2} Kd6 88. Ke8 {4} Ke6 {12} 89. Kd8 {8} Bb6+ {3} 90. Ke8 {2} Nd5 {110} 91. Kf8 {5} Bd8 {8} 92. Kg7 {12} Nf4 {7} 93. Kh6 {9} Kf7 {5} 94. Kh7 {5} Bg5 {3} 95. Kh8 {8} Ne6 {4} 96. Kh7 {5} Nf8+ {2} 97. Kh8 {96} Bf6# {4} 0-1

[Event "Blackpool Open"]
[Site "Blackpool"]
[Date "2025.02.09"]
[Round "4.9"]
[White "Layhe, Simon"]
[Black "Dong, Bao Nghia"]
[Result "0-1"]
[WhiteElo "1889"]
[BlackElo "2221"]
[PlyCount "98"]
[EventDate "2025.02.07"]
[EventRounds "5"]
[EventCountry "ENG"]
[SourceTitle "BritBase"]
[Source "John Saunders"]
[SourceDate "2025.02.25"]
[SourceVersion "1"]
[SourceVersionDate "2025.02.25"]
[SourceQuality "1"]

1. d4 {5} Nf6 {1004} 2. Nf3 {16} b6 {156} 3. g3 {215} Bb7 {6} 4. Bg2 {6} e6 {7} 5. O-O {12} Be7 {4} 6. c4 {93} O-O {66} 7. Nc3 {115} d6 {11} 8. Re1 {68} Nbd7 {168} 9. e4 {47} e5 {6} 10. d5 {302} Ne8 {26} 11. Be3 {513} g6 {92} 12. Bh6 {345} Ng7 {19} 13. h4 {449} Nf6 {166} 14. Ng5 {385} Bc8 {57} 15. Bf3 {365} Kh8 {24} 16. Kg2 {845} Ng8 {16} 17. Bxg7+ {6} Kxg7 {4} 18. Nh3 {974} f5 {217} 19. h5 {44} Nh6 {58} 20. hxg6 {70} hxg6 {90} 21. Rh1 {110} g5 {61} 22. exf5 {29} Bxf5 {286} 23. Be4 {149} g4 {670} 24. Ng1 {42} Bg5 {9} 25. Qe2 {213} Qf6 {235} 26. Rf1 {44} Qg6 {64} 27. Bxf5 {243} Rxf5 {24} 28. Ne4 {35} Raf8 {6} 29. Nxg5 {38} Rxg5 {30} 30. f4 {458} gxf3+ {29} 31. Rxf3 {9} Nf5 {51} 32. Qd3 {71} e4 {56} 33. Qc3+ {16} Rf6 {7} 34. Re3 {163} Nxe3+ {30} 35. Qxe3 {5} Rf3 {297} 36. Nxf3 {57} Rxg3+ {4} 37. Kf2 {33} Rxf3+ {5} 38. Qxf3 {26} exf3 {4} 39. Rg1 {10} Qxg1+ {5} 40. Kxg1 {4} Kf6 {3} 41. Kf2 {28} Ke5 {3} 42. Kxf3 {10} Kd4 {4} 43. b3 {22} b5 {4} 44. cxb5 {36} Kxd5 {4} 45. Ke3 {80} Kc5 {7} 46. a4 {5} Kb4 {6} 47. Kd4 {45} Kxb3 {18} 48. a5 {9} Kb4 {5} 49. b6 {5} cxb6 {6} 0-1